Robinson Crusoe / (Registro nro. 8488)

Detalles MARC
000 -LIDER
fixed length control field 00640cam a2200253 a 4500
001 - NÚMERO DE CONTROL
Identificador de número de control 072
003 - IDENTIFICACDOR DE NÚMERO DE CONTROL
control field DO-SdBNP
005 - DATE AND TIME OF LATEST TRANSACTION
control field 20180202114455.0
007 - CAMPOS FIJOS DE DESCRIPCIÓN FÍSICA
fixed length control field 072
008 - ELEMENTOS DE LONGITUD FIJA
fixed length control field 841203s 1988 sp 000 f spa d
020 ## - ISBN
International Standard Book Number 8435601323 (o. c.)
020 ## - ISBN
International Standard Book Number 8435601293
040 ## - FUENTE DE CATALOGACIÓN
Agencia que crea de manera original el registro BPMSU
Agencia que realiza la transcripción spa
Agencia que realiza la modificación BPMSU
082 #4 - NÚMERO DE CLASIFICACIÓN DECIMAL DE DEWEY
Classification number 823.5
Item number D314r
100 1# - ASIENTO PRINCIPAL -- NOMBRE PERSONAL
Nombre personal Defoe, Daniel
245 13 - MENCIÓN DE TITULO
Título Robinson Crusoe /
Mención de responsabilidad Daniel Defoe
260 ## - PUBLICACIÓN, DISTRIBUCIÓN, ETC. (PIE DE IMPRENTA)
Lugar de publicación, distribución, etc Barcelona:
Nombre del editor, distribuidor, etc. Roma;
Fecha de publicación, distribución, etc [1988]
300 ## - DESCRIPCIÓN FÍSICA
Extensión 113 p. ;
Otros detalles físicos il.
Dimensiones 19 cm.
490 1# - MENCIÓN DE SERIES
Mención de serie Biblioteca juvenil Albor
830 #0 - ASIENTO SECUNDARIO DE SERIE--TÍTULO UNIFORME
Título uniforme Biblioteca juvenil Albor
Volume number/sequential designation 3
942 ## - ADDED ENTRY ELEMENTS (KOHA)
Source of classification or shelving scheme Dewey Decimal Classification
Koha item type Libros
945 ## - INFORMACIÓN DE PROCESAMIENTO LOCAL
Información de procesamiento local Inventariado, 2017/MFF
956 ## - LOCAL ELECTRONIC LOCATION AND ACCESS (OCLC)
Nombre de host Yngrid Lockward
Existencias
Withdrawn status Lost status Source of classification or shelving scheme Damaged status Not for loan Collection code Home library Current library Date acquired Source of acquisition Total Checkouts Full call number Barcode Date last seen Price effective from Koha item type Copy number
    Dewey Decimal Classification     Colección Juvenil General Biblioteca Pública Metropolitana Salomé Ureña Biblioteca Pública Metropolitana Salomé Ureña 10/28/2015 FUNDI   823.5 D314r BPMSU15100223 10/28/2015 10/28/2015 Libros  
    Dewey Decimal Classification     Colección Juvenil General Biblioteca Pública Metropolitana Salomé Ureña Biblioteca Pública Metropolitana Salomé Ureña 10/28/2015 FUNDI   823.5 D314r BPMSU15100224 10/28/2015 10/28/2015 Libros e. 2
    Dewey Decimal Classification     Colección Juvenil General Biblioteca Pública Metropolitana Salomé Ureña Biblioteca Pública Metropolitana Salomé Ureña 10/28/2015 Fundi   823.5 D314r BPMSU15100225 10/28/2015 10/28/2015 Libros e. 3